00922nab a2200229 i 4500001000400000003000400004005001700008008003900025040000800064080001100072100016300083245008600246260001000332500002100342520016000363650001500523650001700538773007300555942001300628999001500641952003600656BPPBPK20160112130820.0150224s1978 pl n f |000 0pol cBPK a338.48 aBERLIŃSKI, Kazimierz.d1975 - 1996.bWyższa Szkoła Inżynierska w Koszalinie - Instytut Inżynierii Środowiska,cZakład Biologii i Chemii Sanitarnej aWpływ turystyki i rekreacji na środowisko wybrzeża /cKazimierz Berliński. c1978. aDane z autopsji. aWalory turystyczne, krajoznawcze i specjalistyczne, zagospodarowanie i dostępność komunikacyjna stanowią o atrakcyjności turystycznej wybrzeża. 0aTurystyka. aOdpoczynek.  iW :tKoszalińskie Studia i Materiały. -g1978, nr 3(23), s. 42-49 cART2UKD c4046d4046 00104070aBPKbBPKo0856yART